000
00238nam a2200097Ia 4500
001
879918
005
20250826182612.0
008
250824s9999 xx 000 0 und d
245
0
_a
BANA ALLAH YETER
_c
UĞUR KOŞAR
260
_b
DESTEK YAYINLARI
999
_c
879918
_d
879918